000 01005cam a22002775a 4500
001 15863436
005 20091211132535.0
008 090811s2009 nyu 000 0 eng
010 _a 2009934696
_z 2009921119
020 _a9780387776736 (hardcover)
040 _aDLC
_cDLC
082 _221
_a620.11233
_bCHA
100 1 _aChakrabarty, Jagabandhu.
_911484
245 1 0 _aApplied plasticity, second edition /
_cJagabandhu Chakrabarty.
250 _a2nd ed.
260 _aNew York :
_bSpringer,
_cc.2009.
263 _a0909
300 _a755p:
_bill;
_c25cm.
490 0 _aMechanical engineering series ;
_v1161
500 _aIncludes Index.
650 _aPlastic analysis (Engineering)
_911485
650 _a Mechanical engineering series (Berlin, Germany)
_911486
942 _2ddc
_cBB
999 _c13416
_d13416